000
00303nam a22001217a 4500
008
230621b xxu||||| |||| 00| 0 eng d
082
_a
328.35
_b
IPU 1992
245
_a
Inter-Parliamentary Bulletin
260
_a
Geneva
_b
Inter-Parliamentary Union
_c
1992
300
_a
97p
440
_n
1
942
_2
ddc
_c
BK
999
_c
2295
_d
2295